| 000 | 00771nam a22002057a 4500 | ||
|---|---|---|---|
| 999 |
_c15641 _d15641 |
||
| 003 | AR-CdUCM | ||
| 008 | 190429b ||||| |||| 00| 0 spa d | ||
| 040 |
_aMUNICIPALIDAD PROVINCIAL DEL CUSCO _cBIBLIOTECA MUNICIPAL DEL CUSCO |
||
| 082 |
_a323.4 / _bD64 / 1986 |
||
| 110 |
_aInstituto peruano de derecho internacional _934776 |
||
| 245 | _aDerechos humanos / | ||
| 260 |
_aLima : _bConcytec, _c1986. |
||
| 300 |
_a50 páginas ; _c21 cm. |
||
| 500 | _aVersión: Castellano y Quechua. | ||
| 505 | _aContenido: La constitución -- Los derechos humanos en la constitución de 1979 -- De la persona -- De la familia... | ||
| 650 |
_aDerechos humanos _93264 |
||
| 710 |
_aUniversidad Nacional Mayor de San Marcos _95627 |
||
| 942 |
_2ddc _cLIBROS |
||
| 945 |
_aacv _d2019-04-29 |
||